| 000 | 00753nam a2200265Ia 4500 | ||
|---|---|---|---|
| 003 | OSt | ||
| 005 | 20220918175048.0 | ||
| 006 | a|||||r|||| 00| 0 | ||
| 007 | ta | ||
| 008 | 220917b |||||||| |||| 00| 0 eng d | ||
| 024 | _a15,481 | ||
| 037 | _cTextual | ||
| 040 |
_aARTS _cARTS _beng |
||
| 041 |
_2eng _aeng |
||
| 082 | _aO111:g(P), M8 | ||
| 100 |
_aTambling Jeremy _915540 |
||
| 245 | 0 | _aWhat is literary language | |
| 260 |
_aMilton _b, Keynes Open Univ Press _c1988 |
||
| 300 |
_aix,116p. _ccm. |
||
| 490 | _aOpen guide to literature | ||
| 500 | _aBibliography 113-14p; Appendix 98-106p; Includes index | ||
| 650 | _aENGLISH LITERATURE | ||
| 942 |
_hO111:g(P), M8 _cTEXL _2CC |
||
| 999 |
_c155879 _d155879 |
||